banner-ar

Arab human development in the twenty-first century : (Record no. 63032)

MARC details
000 -الفاتح
حقل البيانات ثابتة الطول 00740nam a22002055i 4500
005 - وقت وتاريخ اخر تعامل مع التسجيلة
رقم الضبط 20240530110620.0
008 - عناصر البيانات ثابتة الطول - معلومات عامة
حقل البيانات ثابتة الطول 150304s2014 ua a b 001 0 eng
020 ## - الرقم الدولى المعيارى للكتب
الرقم الدولى المعيارى للكتاب 9789774166587
040 ## - مصدر الفهرسة
وكالة النسخ EG-CaGPL
082 04 - رقم تصنيف ديوى العشرى
رقم الطبعة 21
رقم التصنيف 303.4\
رقم المادة K A
100 1# - المدخل الرئيسى - إسم شخصى
الإسم الشخصى Korany, Bahgat.
245 10 - بيان العنوان
العنوان Arab human development in the twenty-first century :
بقية العنوان the primacy of empowerment /
بيان المسئوليه,etc edited by Bahgat Korany.
260 ## - PUBLICATION, DISTRIBUTION, ETC. (IMPRINT)
تاريخ النشر أو التوزيع 2014.
300 ## - الوصف المادى
التعداد xxi, 394 p. :
تفاصيل ماديه اخرى للوعاء ill. ;
أبعاد الوعاء 24 cm.
504 ## - تبصرة ببليوجرافية
تبصرة ببليوجرافية,الخ Includes bibliographical references (p. 353-378) and index.
942 ## - عناصر المدخل الإضافي( كوها)
مصدر التصنيف او مخطط الترفيف Dewey Decimal Classification
Koha [default] item type كتاب
260 ## - PUBLICATION, DISTRIBUTION, ETC. (IMPRINT)
-- Cairo :
-- American University in Cairo Press,
520 ## - التبصرة الخاصة بالتعليق أو التلخيص
ملخص,الخ Human capital; Arab countries; social change; social and economic conditions; 21st century.
Holdings
حالة التراجع حالة الفقد مصدر التصنيف او خطة الترفيف حالة تلف ليس للاعارة المكان المؤقت الموقع الحالى موقع الترفيف تاريخ الاكتساب اجمالي اﻻعارات رقم الطلب الباركود تاريخ اخر مشاهدة تاريخ تفعيل السعر نوع وعاء كوها
    ddc     مكتبة القاهرة الكبرى مكتبة القاهرة الكبرى القاعة الرئيسية 12/18/2016   303.4\ K A 162978 12/18/2016 12/18/2016 كتاب
    ddc     مكتبة القاهرة الكبرى مكتبة القاهرة الكبرى   03/12/2022   303.4\ K A 167601 03/12/2022 03/12/2022 كتاب

Powered By

EGPV